000 00291nam a22001337a 4500
008 171124b xxu||||| |||| 00| 0 eng d
020 _a9781560249146
041 _aeng
080 _a159.9
100 _a49
101 _aPSI
245 _aTHE BLACK ELDERLY
_cJAMES.A.T
942 _2udc
_cBK
999 _c38513
_d38513